Cinco grandes mitos del arte en la edad moderna : Hamlet, Don Quijote, Don Juan, Segismundo y Fausto /

Salvato in:
Dettagli Bibliografici
Autore principale: López, Matilde Elena (autor)
Natura: Libro
Lingua:spagnolo
Pubblicazione: San Salvador, El Salvador : Roxsil, 1985
Soggetti:
Tags: Aggiungi Tag
Nessun Tag, puoi essere il primo ad aggiungerne!!

MARC

LEADER 00000nam^a2200000^a^4500
001 000004223
005 20250521000000.0
009 20260310083258.09
037 |a Acervo ITESO - Biblioteca 
041 |a ESP 
082 |a 809. 927  |b LOP 
100 |a López, Matilde Elena  |e (autor) 
245 1 0 |a Cinco grandes mitos del arte en la edad moderna :  |b Hamlet, Don Quijote, Don Juan, Segismundo y Fausto /  |c M.E. López. 
264 1 |a San Salvador, El Salvador :  |b Roxsil,  |c 1985 
300 |a 54 p. 
336 |a texto  |b txt  |2 rdacontenido 
337 |a sin mediación  |b n  |2 rdamedio 
338 |a volumen  |b nc  |2 rdasoporte 
649 |a XX 
650 |a Literatura -  |x Historia y Crítica 
650 |a Mitología 
910 |a Fondo General 
920 |a Impresos - Libros 
930 |a Colección General 
940 |a Literatura 
905 |a 101 
901 |a 0042230100  |b IT1  |c LIT  |i 004223  |u 20250521 
902 |a https://opac.biblio.iteso.mx/vufind/Record/000004223